书目信息 |
| 题名: |
月季
|
|
| 作者: | 英国皇家园艺学会 ;李丽虹 , 韦三立 译 | |
| 分册: | ||
| 出版信息: | 北京 中国农业出版 2000 |
|
| 页数: | 160 | |
| 开本: | 20cm | |
| 丛书名: | ||
| 单 册: | ||
| 中图分类: | S685.12 | |
| 科图分类: | ||
| 主题词: | 园林树木 , 观赏园艺 , 花卉 | |
| 电子资源: | ||
| ISBN: | 7-109-06249-X | |
| 000 | 00715nam0 2200229 450 | |
| 001 | 0741144344 | |
| 005 | 20070817112544.34 | |
| 010 | @a7-109-06249-X@d¥55.00 | |
| 100 | @a20070817d km y0chiy0120 ea | |
| 101 | 0 | @achi |
| 200 | 1 | @a月季@Ayue ji@f英国皇家园艺学会@Fying guo huang jia yuan yi xue hui@g韦三立,李丽虹等译@Gwei san li,li li hong deng yi |
| 210 | @a北京@c中国农业出版@d2000 | |
| 215 | @a160@c彩图@d20cm | |
| 606 | 0 | @a园林树木 |
| 606 | 0 | @a观赏园艺 |
| 606 | 0 | @a花卉 |
| 690 | @aS685.12@v3 | |
| 701 | 0 | @a英国皇家园艺学会@Aying guo huang jia yuan yi xue hui |
| 702 | 0 | @a李丽虹@Ali li hong@4译 |
| 702 | 0 | @a韦三立@Awei san li@4译 |
| 801 | 0 | @aCN@bPFT@c20070817 |
| 905 | @a213230@dS685.12@en2@f1 | |
| 月季/英国皇家园艺学会/韦三立,李丽虹等译.-北京:中国农业出版,2000 |
| 160:彩图;20cm |
| ISBN 7-109-06249-X:¥55.00 |
| ● |
| 相关链接 |
|
|
|
|
正题名:月季
索取号:S685.12/n2
 
预约/预借
| 序号 | 登录号 | 条形码 | 馆藏地/架位号 | 状态 | 备注 |
| 1 | 6601363 | 266013636 | 密集书库-生命科学系/ [索取号:S685.12/n2] | 在馆 |